000
00248nam a2200097Ia 4500
001
744063
005
20250826164251.0
008
250824s9999 xx 000 0 und d
245
0
_a
SİHİRBAZ ÇIRAĞI
_c
AHMET BAKİ YERLİ
260
_b
ACAYİP YAYINLARI
999
_c
744063
_d
744063